000 00522nam a22001937a 4500
005 20231209105242.0
008 231209b ||||| |||| 00| 0 eng d
020 _a0534933343
040 _cAL
041 _aeng
082 _223
_a620.106
_bJANI
100 _aWilliam Janna S.
_9144687
245 _aIntroduction to fluid mechanics
250 _a3rd ed.
260 _aBoston
_bPWS-KENT Publishing Company
_c1993
300 _axiv,786p.
_bHB
_c24x19cm.
650 _2Technology
_aEngineering
_9144688
942 _2ddc
_cBK
999 _c229429
_d229429